000
00283nam a22001337a 4500
082
_a
001
_b
FER/A
100
_a
FERRIS,JULIE
245
_a
ASK ME ANYTHING
246
_a
ASK ME ANYTHING
_b
ASK ME ANYTHING
260
_a
LONDON
_b
D K
_c
2009
300
_a
302
650
_a
G K
942
_c
BK
999
_c
9012
_d
9012